000 00531nam a2200157 a 4500
008 120416s1990 ||||||||||||||||| || u
020 _a0435895915
050 _aBL 2400 Mbi
100 _aMbiti, John S
245 1 0 _aAfrican religions and philosophy
250 _a2nd ed.
260 _aDetroit
_bHeinemann
_c1990
350 _a0.00
650 _aPHILOSOPHY
995 _D0.00
_FCBU-MAIN LIBRARY (Kitwe)
_H1
_I0.00
_M1
_UAVAILABLE
_WJul 31, 2006
_ZMain Library Open Access Collection
999 _c33791
_d33791